000 00681 a2200241 4500
502 _aThèse de Doctorat
260 _aWageningen
653 1 _aAgronomie
100 _aBRANDS, C.M.J.
041 _bEn
260 _bUniversité de Wageningen
300 _a127 p.
245 _aKinetic modelling of the maillard reaction between proteins and sugars
300 _bIll., Couv. ill. ; 24 cm
260 _c22 Février 2002
130 _lEn
040 _aSupport
041 _bEn
653 1 _aNutrition et Sciences Alimentaires
100 _uAbomey-Calavi, Université d'Abomey-Calavi, Faculté des Sciences Agronomiques, Bj
020 _a90-5808-591-0
999 _c31821
_d31821